Skład Legia Warszawa 2024/25 - Statystyki

Ogólne statystyki
  • Ten quiz został rozwiązany 675 razy
  • Średni wynik to 18 z 36
Statystyki odpowiedzi
Zawodnik Wiek Pozycja Narodowość Wartość % Poprawnych
Kacper Tobiasz 21 Bramkarz Polska 800 tys. €
98%
Marc Gual 28 Środkowy napastnik Hiszpania 1,30 mln €
78%
Artur Jedrzejczyk 36 Środkowy obrońca Polska 100 tys. €
77%
Gabriel Kobylak 22 Bramkarz Polska 400 tys. €
76%
Radovan Pankov 29 Środkowy obrońca Serbia 800 tys. €
74%
Bartosz Kapustka 27 Ofensywny pomocnik Polska 1,00 mln €
73%
Tomas Pekhart 35 Środkowy napastnik Czechy 250 tys. €
71%
Ryoya Morishita 27 Prawy pomocnik Japonia 800 tys. €
69%
Pawel Wszolek 32 Prawy pomocnik Polska 700 tys. €
68%
Rúben Vinagre 25 Lewy pomocnik Portugalia 2,40 mln €
64%
Jan Ziolkowski 19 Środkowy obrońca Polska 800 tys. €
63%
Juergen Elitim  25 Defensywny pomocnik Kolumbia 1,80 mln €
62%
Rafal Augustyniak 30 Środkowy obrońca Polska 750 tys. €
62%
Jean-Pierre Nsame  31 Środkowy napastnik Kamerun 2,80 mln €
61%
Marcel Mendes-Dudzinski 19 Bramkarz Polska 50 tys. €
57%
Marco Burch  23 Środkowy obrońca Szwajcaria 1,00 mln €
56%
Blaz Kramer 28 Środkowy napastnik Słowenia 500 tys. €
55%
Sergio Barcia 23 Środkowy obrońca Hiszpania 1,00 mln €
54%
Kacper Chodyna 25 Prawy pomocnik Polska 1,20 mln €
51%
Migouel Alfarela 26 Środkowy napastnik Francja 800 tys. €
50%
Patryk Kun 29 Lewy pomocnik Polska 800 tys. €
50%
Luquinhas 27 Ofensywny pomocnik Brazylia 2,00 mln €
49%
Claude Gonçalves 30 Defensywny pomocnik Portugalia 1,20 mln €
48%
Steve Kapuadi 26 Środkowy obrońca Francja 600 tys. €
46%
Wojciech Urbanski 19 Ofensywny pomocnik Polska 300 tys. €
45%
Jurgen Çelhaka  23 Defensywny pomocnik Albania 500 tys. €
44%
Maxi Oyedele 19 Defensywny pomocnik Polska -
42%
Jordan Majchrzak 19 Środkowy napastnik Polska 400 tys. €
32%
Mateusz Szczepaniak 17 Prawy pomocnik Polska 400 tys. €
27%
Jakub Zielinski 16 Bramkarz Polska 200 tys. €
26%
Jakub Zewlakow 17 Ofensywny pomocnik Polska 25 tys. €
22%
Wojciech Banasik 18 Bramkarz Polska 25 tys. €
22%
Jakub Adkonis 17 Defensywny pomocnik Polska 800 tys. €
18%
Ramil Mustafaev  20 Prawy pomocnik Rosja 150 tys. €
18%
Jan Leszczynski 17 Środkowy obrońca Polska 200 tys. €
16%
Pascal Mozie 16 Defensywny pomocnik Polska -
15%
Nie znaleziono quizów pasujących do podanych kryteriów
Rozkład punktacji
Procent ludzi z każdym wynikiem
Percentyl według liczby udzielonych odpowiedzi
Twoja historia wyników
Nie rozwiązałeś tego quizu